عرض عادي
عرض مارك
- Biochimie.
مدخل مصطلح موضوعي
001 - رقم الضبط
- حقل الضبط: 40355
003 - معرف رقم الضبط
- حقل الضبط: OSt
005 - تاريخ ووقت أخر عملية
- حقل الضبط: 20131117194242.0
008 - عناصر بيانات ثابتة الطول
- حقل تحكم ثابت الطول: 131117|||a|||||| | ||| d
040 ## - مصدر الفهرسة
- هيئة الفهرسة الأصلية: OSt
- وكالة الكتابة: OSt
150 ## - مدخل-- مصطلح تاريخي
- عنصر مدخل المصطلح الموضوعي او الاسم الجغرافي: Biochimie.
670 ## - بيانات المصدر موجوده
- الاستشهاد بالمصدر: Work cat.: (OSt)0: Krishnaswamy, N. R. 19292, Chemistry of natural products :, 2010.
